000 00642 a2200181 4500
003 Nust
005 20170207171113.0
040 _cNust
082 _a621.382
100 _aRaza,Lt Cdr Syed Hassan (MSEE-16)
245 _aAuto-tuning in lte networks using joint RRM optimization
_cLt Cdr Syed Hassan Raza
260 _aRawalpindi
_bMCS,NUST
_c2014
300 _aix,42,p;
505 _aIntroduction (page-1) Literature review (page-5) Reinforcement learning (page-15) Proposed work (page-23) Result and analysis (page-33) Conclusion and future directions (page-38)
538 _aAlmirah No.69 Shelf No.3
650 _aPG Thesis
651 _aMSEE-16
942 _cTHS
999 _c216228
_d216228